| 000 | 00434nam a2200181Ia 4500 | ||
|---|---|---|---|
| 001 | 10967 | ||
| 005 | 20260306161911.0 | ||
| 008 | 260306t1994||||xx |||||||||||||| ||spa|| | ||
| 041 | _aESP | ||
| 082 |
_a985 _bB38C |
||
| 100 |
_aBelaúnde, Victor Andrés _eAUT |
||
| 245 | 0 |
_aLa crisis presente: _b(1914-1939) |
|
| 260 | _c1994 | ||
| 300 |
_a266 páginas : _c20 cm. |
||
| 650 | _aGEN | ||
| 654 | _aCHU | ||
| 942 |
_cLIB _dJUS _fJUS _2ddc _n |
||
| 999 |
_c10967 _d10967 |
||